|
|
|
|
| LEADER |
00000nab a2200000 a 4500 |
| 001 |
vtls001012437 |
| 003 |
SK-MaSNL |
| 005 |
20260319074122.0 |
| 008 |
040720e20031009xo 0 hun |
| 035 |
|
|
|a RV13037
|
| 040 |
|
|
|a RVGKPD
|b slo
|c RVGKPD
|e AACR2
|
| 041 |
0 |
|
|a slo
|
| 044 |
|
|
|a xo
|c SK
|
| 080 |
|
|
|a 397
|2 1981
|
| 080 |
|
|
|a 373.31
|2 1981
|
| 100 |
1 |
|
|a Kovács, Ágnes,
|d 1971-
|4 aut
|9 751589
|
| 245 |
1 |
0 |
|a A roma tanulók érvényesüléséért
|b hátrányos helyzetűeket felzárkóztató program a rozsnyói és dernői alapiskolában
|
| 610 |
2 |
7 |
|a Základná škola s vyučovacím jazykom maďarským (Drnava, Slovensko)
|2 RVGKPD
|9 58672
|
| 610 |
2 |
7 |
|a Základná škola Zoltána Fábryho s vyučovacím jazykom maďarským (Rožňava, Slovensko)
|2 RVGKPD
|
| 650 |
0 |
7 |
|a žiaci rómski
|2 RVGKPD
|9 853610
|
| 650 |
0 |
7 |
|a školy základné
|2 RVGKPD
|9 390867
|
| 650 |
0 |
7 |
|a projekty
|2 RVGKPD
|9 18866
|
| 651 |
|
7 |
|a Drnava (Slovensko)
|2 RVGKPD
|9 31136
|
| 651 |
|
7 |
|a Rožňava (Slovensko)
|2 RVGKPD
|9 17394
|
| 773 |
0 |
8 |
|t Új Szó
|g Roč. 56, č.232, 9.10.2003, s. 4
|
| 852 |
|
|
|a ZVYKNI
|b KIS3GCP
|
| 999 |
|
|
|c 1689821
|d 1691751
|